Song Lyrics Quiz - Statistics

General Stats
  • This quiz has been taken 90 times
  • The average score is 7 of 15
Answer Stats
Lyrics Answer % Correct
"Mama ooh, I don't wanna die!" Bohemian Rhapsody - Queen
86%
"But the kid is not my son" Billie Jean - Michael Jackson
73%
"His palms are sweaty, knees weak, arms are heavy" Lose Yourself - Eminem
71%
"Tequila" Tequila - The Champs
70%
"I got the eye of the tiger, a fighter Dancing through the fire" Roar - Katy Perry
69%
"This year, to save me from tears" Last Christmas - Wham!
65%
"So it's gonna be forever,Or it's gonna go down in flames" Blank Space - Taylor Swift
61%
"She′s got a smile that it seems to me,Reminds me of childhood memories" Sweet Child O'Mine - Guns N' Roses
47%
"It's gonna take a lot to drag me away from you" Africa - Toto
38%
"Friday night and the lights are low, Looking out for a place to go" Dancing Queen - ABBA
38%
"No, I can't sleep until I feel your touch" Blinding Lights - The Weeknd
22%
"I get knocked down. But I get up again" Tubthumping - Chumbawamba
21%
"Que tu cuerpo es pa' darle alegría y cosa buena" Macarena - Los del Rio
17%
"You're as warm as a glass of brandy" Tennessee Whiskey - Chris Stapleton
14%
"Broke the limit, we hit the town" Thunderstruck - AC/DC
9%
No matching quizzes found
Score Distribution
Percent of People with Each Score
Percentile by Number Answered
Your Score History
You have not taken this quiz